| 000 | 00699nam a2200193 i 4500 | ||
|---|---|---|---|
| 001 | 26831 | ||
| 003 | ES-MaACL | ||
| 005 | 20230906153517.0 | ||
| 007 | t| | ||
| 008 | 030110s1871 sp ||||1| spa d | ||
| 080 | _a17.023.36 | ||
| 100 | 1 |
_aArrese Duque, Daniel Ramón de. _923265 |
|
| 245 | 1 | 1 |
_a¿Es el progreso la ley fundamental de la historia? : _bdiscurso leído ante el claustro de la Universidad Literaria de Vitoria, el día 19 de marzo de 1871 / _cDaniel Ramón de Arrese Duque. |
| 260 |
_aVitoria : _b[s.n.], _c1871 ( _fH. Manteli) |
||
| 300 |
_a27 p. ; _c27 cm. |
||
| 650 | 4 |
_aProgreso. _916469 |
|
| 710 | 2 |
_aUniversidad Literaria de Vitoria. _9176247 |
|
| 852 | 4 |
_aES-MaACL _jT-111-F-9 |
|
| 999 |
_c26831 _d26831 |
||